| 000 | 00632nam a2200205 i 4500 | ||
|---|---|---|---|
| 001 | 104542 | ||
| 003 | ES-MaACL | ||
| 005 | 20230906183630.0 | ||
| 007 | t| | ||
| 008 | 051201s1970 sp ||||1| spa d | ||
| 100 | 1 |
_aMiller, A. Austin. _981197 |
|
| 245 | 1 | 3 |
_aLa piel de la tierra / _cA. Austin Miller; versión de Inocencio Vega...; revisión de José María Ríos. |
| 250 | _a[1ª ed.]. | ||
| 260 |
_aMadrid : _bAlhambra, _c1970. |
||
| 300 |
_aXI, 249 p. : _bil. ; _c20 cm. |
||
| 700 | 1 |
_aVega, Inocencio. _9113550 |
|
| 700 | 1 |
_aRios, José María. _9201465 |
|
| 852 |
_aES-MaACL _jC-39278 _bR.72100 |
||
| 999 |
_c104542 _d104542 |
||